<?xml version="1.0" encoding="UTF-8"?><?xml-stylesheet type="text/xsl" href="static/style.xsl"?><OAI-PMH xmlns="http://www.openarchives.org/OAI/2.0/" xmlns:xsi="http://www.w3.org/2001/XMLSchema-instance" xsi:schemaLocation="http://www.openarchives.org/OAI/2.0/ http://www.openarchives.org/OAI/2.0/OAI-PMH.xsd"><responseDate>2026-04-17T23:03:38Z</responseDate><request verb="GetRecord" identifier="oai:www.recercat.cat:20.500.12328/5038" metadataPrefix="marc">https://recercat.cat/oai/request</request><GetRecord><record><header><identifier>oai:recercat.cat:20.500.12328/5038</identifier><datestamp>2025-09-28T03:41:42Z</datestamp><setSpec>com_2072_67741</setSpec><setSpec>col_2072_484352</setSpec></header><metadata><record xmlns="http://www.loc.gov/MARC21/slim" xmlns:dcterms="http://purl.org/dc/terms/" xmlns:xsi="http://www.w3.org/2001/XMLSchema-instance" xmlns:doc="http://www.lyncode.com/xoai" xsi:schemaLocation="http://www.loc.gov/MARC21/slim http://www.loc.gov/standards/marcxml/schema/MARC21slim.xsd">
   <leader>00925njm 22002777a 4500</leader>
   <datafield ind2=" " ind1=" " tag="042">
      <subfield code="a">dc</subfield>
   </datafield>
   <datafield ind2=" " ind1=" " tag="720">
      <subfield code="a">Salminen, Leena</subfield>
      <subfield code="e">author</subfield>
   </datafield>
   <datafield ind2=" " ind1=" " tag="720">
      <subfield code="a">Tuukkanen, Minna</subfield>
      <subfield code="e">author</subfield>
   </datafield>
   <datafield ind2=" " ind1=" " tag="720">
      <subfield code="a">Clever, Katharina</subfield>
      <subfield code="e">author</subfield>
   </datafield>
   <datafield ind2=" " ind1=" " tag="720">
      <subfield code="a">Fuster-Linares, Pilar</subfield>
      <subfield code="e">author</subfield>
   </datafield>
   <datafield ind2=" " ind1=" " tag="720">
      <subfield code="a">Kelly, Mary</subfield>
      <subfield code="e">author</subfield>
   </datafield>
   <datafield ind2=" " ind1=" " tag="720">
      <subfield code="a">Kielé, Viktorija</subfield>
      <subfield code="e">author</subfield>
   </datafield>
   <datafield ind2=" " ind1=" " tag="720">
      <subfield code="a">Koskinen, Sanna</subfield>
      <subfield code="e">author</subfield>
   </datafield>
   <datafield ind2=" " ind1=" " tag="720">
      <subfield code="a">Sveinsdóttir, Herdis</subfield>
      <subfield code="e">author</subfield>
   </datafield>
   <datafield ind2=" " ind1=" " tag="720">
      <subfield code="a">Löyttyniemi, Eliisa</subfield>
      <subfield code="e">author</subfield>
   </datafield>
   <datafield ind2=" " ind1=" " tag="720">
      <subfield code="a">Leino-Kilpi, Helena</subfield>
      <subfield code="e">author</subfield>
   </datafield>
   <datafield ind2=" " ind1=" " tag="260">
      <subfield code="c">2021</subfield>
   </datafield>
   <datafield ind2=" " ind1=" " tag="520">
      <subfield code="a">Background: A nurse educator has an important role in promoting students' learning and professional development as well as in offering high quality nursing education. Objectives: To describe the competence of nurse educators and explore its connection with the self-evaluated competence of graduating nurse students. Design: A cross-sectional survey design was used. Participants: A total of 1796 graduating nurse students in Finland, Germany, Iceland, Ireland, Lithuania and Spain participated in this study. Methods: The data were collected with structured electronic or paper-and-pencil questionnaires. Graduating nurse students evaluated the nurse educators' competence using six items derived from the Tool for Evaluation of Requirements of Nurse Teacher (ERNT) and in addition, the students evaluated their own generic professional competence using the Nursing Competence Scale (NCS). The data were analysed statistically. Results: On average, graduating nurse students evaluated the competence of nurse educators to be rather high. Icelandic and Irish students evaluated nurse educators' competence the highest. German and Finnish students were the most critical. The students also evaluated the level of their own professional competence as good. The higher graduating nurse students evaluated their own competence, the higher they also evaluated their nurse educators' competence. Conclusions: Students' evaluations of their educators' competence and their own competence seem to be aligned. However, educators' competence and its connection with students' competence warrants further studies.</subfield>
   </datafield>
   <datafield ind1="8" ind2=" " tag="024">
      <subfield code="a">Salminen, Leena; Tuukkanen, Minna; Clever, Katharina [et al.]. The competence of nurse educators and graduating nurse students. Nurse Education Today, 2021, 98, 104769. Disponible en: &lt;https://www.sciencedirect.com/science/article/pii/S0260691721000265?via%3Dihub>. Fecha de acceso: 26 sep. 2025. DOI: 10.1016/j.nedt.2021.104769</subfield>
   </datafield>
   <datafield ind1="8" ind2=" " tag="024">
      <subfield code="a">0260-6917</subfield>
   </datafield>
   <datafield ind1="8" ind2=" " tag="024">
      <subfield code="a">http://hdl.handle.net/20.500.12328/5038</subfield>
   </datafield>
   <datafield ind1="8" ind2=" " tag="024">
      <subfield code="a">https://dx.doi.org/10.1016/j.nedt.2021.104769</subfield>
   </datafield>
   <datafield tag="653" ind2=" " ind1=" ">
      <subfield code="a">Educador/a d'infermeria</subfield>
   </datafield>
   <datafield tag="653" ind2=" " ind1=" ">
      <subfield code="a">Estudiant d'infermeria graduada</subfield>
   </datafield>
   <datafield tag="653" ind2=" " ind1=" ">
      <subfield code="a">Educació d'infermeria</subfield>
   </datafield>
   <datafield tag="653" ind2=" " ind1=" ">
      <subfield code="a">Competència</subfield>
   </datafield>
   <datafield ind2="0" ind1="0" tag="245">
      <subfield code="a">The competence of nurse educators and graduating nurse students</subfield>
   </datafield>
</record></metadata></record></GetRecord></OAI-PMH>